| 000 | 00635nam a22001817a 4500 | ||
|---|---|---|---|
| 003 | OSt | ||
| 005 | 20251125095546.0 | ||
| 008 | 251125b |||||||| |||| 00| 0 eng d | ||
| 040 |
_aDWC-Main lib _cOC |
||
| 082 | _aCirc. 242.2 N222w 2010 | ||
| 100 | _aNarcelles, Adonis Llamas Jr. | ||
| 245 |
_aWords of Hope: _bpoems, prayers, and reflection/ _cAdonis Llamas Narcelles Jr. |
||
| 260 |
_a[Pace of publication not identified : . _bname of publication not identified] , _cc2010. |
||
| 300 |
_a124 pages : . _billustrations ; _c22cm |
||
| 650 | _a1. Meditation | ||
| 650 | _a2. Spiritual healing | ||
| 942 |
_2ddc _cBK-CIRC _kCirc. _n0 |
||
| 999 |
_c6193 _d6193 |
||